| 000 | 01323nam a2200289 i 4500 | ||
|---|---|---|---|
| 003 | CO-ViMGA | ||
| 005 | 20230915224425.0 | ||
| 008 | 201201b2020 ck abo|cr|||| 00| 1 spa d | ||
| 020 | _a9789580018469 | ||
| 040 |
_aCO-ViMGA _bspa _cCO-ViMGA |
||
| 084 | _aLM AHU2 | ||
| 100 | 1 |
_aAhué Coello, Francisco _eautor _9161527 |
|
| 245 | 1 | 0 |
_aNarraciones indigenas del Rio Grande : _bhistorias reales y miticas del pueblo tikuna contadas a los niños / _cFrancisco Ahue Coello narrador ; Maria Emilia Montes etnolinguista ; Pablo Quiroga Devia ilustrador |
| 246 | 3 | 1 | _aTikunagu aru tau i tatuchiga : Tikunagu aru Iane aru kua buatagu una we |
| 250 | _aEdicion especial | ||
| 260 |
_aBogota : _bEducactiva, _c2020 |
||
| 300 |
_a70 paginas _bilustraciones, mapas fotografias _c24 cm |
||
| 490 | 0 | _aPlan Nacional de Lectura y Escritura Leer es mi Cuento / Ministerio de Cultura | |
| 546 | _aTexto bilingüe en español y tikuna | ||
| 650 | 1 | 7 |
_2LEMB _aAutores colombianos _9161528 |
| 650 | 1 | 7 |
_2LEMB _aLeyendas indigenas colombianas _921961 |
| 650 | 1 | 7 |
_2LEMB _aLiteratura indigena colombiana _92248 |
| 650 | 1 | 7 |
_2LEMB _aTikunas (Indigenas del Amazonas) _vLeyendas _9161439 |
| 700 | 1 |
_aMontes, Maria Emilia _eetnolinguista _9161529 |
|
| 700 | 1 |
_aQuiroga Devia, Pablo _eilustrador _9161530 |
|
| 942 |
_2ddc _cBK |
||
| 999 |
_c9037 _d9037 |
||